000 01489aam a2200313 i 4500
999 _c37549
_d37549
001 7333
003 CO-MdFUSB
005 20190304112704.0
008 190304b ||||| |||| 00| 0 eng d
020 _a1597523410
040 _aCO-MdFUSB
_bspa
_cCO-MdFUSB
_dCO-MdFUSBC
_erda
041 0 _aeng
082 0 4 _a266.001
_222
_bC838c
100 1 _aCostas, Orlando E. (1941-1987)
_eautor
245 1 0 _aChrist outside the gate : Mission beyond christendom
_c/ Orlando E. Costas
264 1 _aNew York, USA
_bOrbis Books,
_c[1982]
264 1 _c©1982
300 _a238 páginas
_c; 23 cm.
336 _atexto
_btxt
_2rdacontent
337 _2rdamedia
_asin mediación
_bn
338 _2rdacarrier
_avolumen
_bnc
505 _aContextualización y encarnación -- Pecado y salvación en un continente oprimido -- Crecimiento de la iglesia. Un fenómeno multidimensional. -- Cautividad y liberación en el movimiento misionero moderno. -- Una nueva macedonia: Los Estados Unidos como un campo misionero para los cristianos del tercer mundo. -- Misión cristiana en las américas. -- Respuesta la llanto en America. -- Significado profético de la teología de la liberación en el tercer mundo. -- Una oración y una pregunta -- Contracorriente ecuménica en misiones y evangelismo. --
563 _aRústico
650 7 _9449
_aTeología de la liberación
650 0 _9362
_aEvangelización
650 0 _9691
_aMisiones
_zAmérica Latina
942 _cBK